| 000 | 00818cab a2200265 4500 | ||
|---|---|---|---|
| 001 | ABS54107 | ||
| 008 | 090401t1995 xxu||||| |||| 00| 0 eng d | ||
| 035 | _a(Sirsi) u8579 | ||
| 041 | _aeng | ||
| 245 | _aCushioned comfort | ||
| 260 | _c1995 | ||
| 350 | _a0 | ||
| 490 |
_aHighways _v63(8) November 1995, 31(1) |
||
| 520 | _aConsiders various methods for calming traffic including pinch points, chicanes, mini-roundabouts, humps and cushions and their relative comfort and convenience for bus passengers and other public service vehicles. | ||
| 650 | _aCHICANES | ||
| 650 | _aCUSHIONS | ||
| 650 | _aFIRE ENGINES | ||
| 650 | _aHUMPS | ||
| 650 | _aMINI-ROUNDABOUTS | ||
| 650 | _aPINCH POINTS | ||
| 650 | _aTRAFFIC CALMING | ||
| 690 | _aTRANSPORT AND COMMUNICATIONS | ||
| 942 | _n0 | ||
| 948 | _c04/03/1997 | ||
| 999 |
_c5307 _d5307 |
||